[Event "Madrid ch-sf B"]
[Site "Madrid ESP"]
[Date "2007.01.11"]
[Round "1.2"]
[White "Noriega de la Sierra, Antonio"]
[Black "Semprun Martinez, Fernando"]
[Result "0-1"]
[WhiteElo "1923"]
[BlackElo "2185"]
[PlyCount "66"]
[EventDate "2007.01.11"]
[EventType "swiss"]
[EventRounds "9"]
[EventCountry "ESP"]
[Source "lmi"]
[SourceDate "2007.01.11"]

1. d4 Nf6 2. c4 g6 3. Nf3 Bg7 4. g3 c6 5. Bg2 d5 6. cxd5 cxd5 7. O-O O-O 8. Nc3
Ne4 9. Qb3 Nxc3 10. bxc3 Nc6 11. Nd2 e6 12. Rb1 Na5 13. Qc2 b6 14. Re1 Ba6 15.
e4 Rc8 16. exd5 exd5 17. Ba3 Re8 18. Qa4 Bd3 19. Rbd1 Be2 20. Rb1 Rxc3 21. Bb4
Rc8 22. Bxa5 bxa5 23. Rb7 Bb5 24. Rxe8+ Bxe8 25. Qb3 Bc6 26. Rxa7 Bxd4 27. Ra6
Rb8 28. Qa3 Bb6 29. Nc4 dxc4 30. Bxc6 Qc8 31. Qd6 Bc7 32. Qd7 Qxa6 33. Qxc7 Rc8
0-1

[Event "Madrid ch-sf B"]
[Site "Madrid ESP"]
[Date "2007.01.11"]
[Round "1.3"]
[White "Lopez de Turiso, Jose Angel"]
[Black "Osorio Ramos, Francisco"]
[Result "1-0"]
[WhiteElo "2171"]
[BlackElo "1922"]
[PlyCount "165"]
[EventDate "2007.01.11"]
[EventType "swiss"]
[EventRounds "9"]
[EventCountry "ESP"]
[Source "lmi"]
[SourceDate "2007.01.11"]

1. d4 d5 2. c4 c6 3. cxd5 cxd5 4. Nc3 Nf6 5. Bg5 Ne4 6. Bf4 Nxc3 7. bxc3 e6 8.
e3 a6 9. Bd3 Bd6 10. Ne2 O-O 11. Qc2 h6 12. O-O Nc6 13. e4 Bxf4 14. Nxf4 dxe4
15. Bxe4 Qc7 16. Nh5 Bd7 17. f4 Rac8 18. Rac1 b5 19. Rf3 Kh8 20. Rg3 Rg8 21.
Bh7 f5 22. Bxg8 Rxg8 23. Rf3 Rc8 24. Qf2 Be8 25. Ng3 Ne7 26. Re3 Bf7 27. Ne2
Nd5 28. Rd3 Qc4 29. Rd2 Bh5 30. g3 Bxe2 31. Qxe2 Nxc3 32. Qxc4 Rxc4 33. Re1 Ne4
34. Rd3 Rc6 35. Re2 Kg8 36. Kg2 Kf7 37. d5 exd5 38. Rxd5 Ke6 39. Rd8 Ke7 40.
Rg8 Kf7 41. Rb8 Kf6 42. Rb7 h5 43. Kh3 Kg6 44. Rb2 Nd6 45. Rb8 a5 46. a3 Kh6
47. R8xb5 Nxb5 48. Rxb5 g6 49. Rxa5 Rc2 50. Ra8 Ra2 51. a4 Kh7 52. a5 Kg7 53.
a6 Kh7 54. a7 Kg7 55. Kh4 Rxh2+ 56. Kg5 Ra2 57. Rb8 Rxa7 58. Rb6 Ra5 59. Rxg6+
Kh7 60. Rf6 Ra3 61. Kh4 Ra1 62. Rxf5 Rh1+ 63. Kg5 Kg7 64. Ra5 h4 65. Ra7+ Kf8
66. Kf6 Ke8 67. Rh7 h3 68. g4 h2 69. g5 Rf1 70. Rh8+ Kd7 71. Rxh2 Rxf4+ 72. Kg7
Ke6 73. Ra2 Rg4 74. g6 Rb4 75. Ra6+ Kf5 76. Ra5+ Ke6 77. Ra7 Rb8 78. Rf7 Ke5
79. Kh7 Ke6 80. Rf1 Rb2 81. g7 Rh2+ 82. Kg8 Rg2 83. Kf8 1-0

[Event "Madrid ch-sf B"]
[Site "Madrid ESP"]
[Date "2007.01.11"]
[Round "1.4"]
[White "Rosa Ramirez, Victor D"]
[Black "Martin Martin, Luis Vicente"]
[Result "0-1"]
[WhiteElo "1922"]
[BlackElo "2111"]
[PlyCount "94"]
[EventDate "2007.01.11"]
[EventType "swiss"]
[EventRounds "9"]
[EventCountry "ESP"]
[Source "lmi"]
[SourceDate "2007.01.11"]

1. e4 e6 2. d4 d5 3. e5 c5 4. c3 Nc6 5. Nf3 Qb6 6. a3 c4 7. g3 f6 8. Nh4 g6 9.
exf6 Nxf6 10. Qc2 Bg7 11. Bf4 O-O 12. Bg2 Bd7 13. Nd2 Rae8 14. O-O e5 15. dxe5
Nxe5 16. Bxe5 Rxe5 17. Ndf3 Re7 18. Nd4 Rfe8 19. Kh1 Ne4 20. Rad1 Qa5 21. Qc1
Ba4 22. Nc2 Qc5 23. Bxe4 Rxe4 24. Rd2 Bh6 25. f4 Bd7 26. Nf3 Bh3 27. Re1 Bg4
28. Ncd4 Bg7 29. Rxe4 dxe4 30. Ng1 Bxd4 31. Rxd4 e3 32. h3 Qc6+ 33. Kh2 Bf3 34.
Qe1 Bd5 35. Ne2 Qe6 36. Qd1 Bc6 37. Qc2 Bd7 38. g4 h5 39. Ng3 e2 40. Re4 Qxe4
41. Nxe4 e1=Q 42. Nf6+ Kf7 43. Nxe8 Bxe8 44. gxh5 Kg7 45. Qg2 Qe7 46. hxg6 Bc6
47. Qc2 Qe3 0-1

[Event "Madrid ch-sf B"]
[Site "Madrid ESP"]
[Date "2007.01.11"]
[Round "1.5"]
[White "Vazquez Gonzalez, Jesus"]
[Black "Garcia Serrano, Jose Manuel"]
[Result "1-0"]
[WhiteElo "2110"]
[BlackElo "1914"]
[PlyCount "39"]
[EventDate "2007.01.11"]
[EventType "swiss"]
[EventRounds "9"]
[EventCountry "ESP"]
[Source "lmi"]
[SourceDate "2007.01.11"]

1. e4 e5 2. Nf3 Nc6 3. Nc3 Nf6 4. Nxe5 Nxe5 5. d4 Ng6 6. e5 Ng8 7. Bc4 b5 8.
Nxb5 Bb7 9. O-O a6 10. Nc3 Bb4 11. f4 Bxc3 12. bxc3 Qh4 13. Rb1 Ra7 14. d5 Nh6
15. Qd4 Ng4 16. h3 Qg3 17. hxg4 Nh4 18. Rf2 Nxg2 19. Rxg2 Qe1+ 20. Bf1 1-0

[Event "Madrid ch-sf B"]
[Site "Madrid ESP"]
[Date "2007.01.11"]
[Round "1.7"]
[White "Sanchez Garcia, Aurelio"]
[Black "Baeza Escudero, Javier"]
[Result "1-0"]
[WhiteElo "2104"]
[BlackElo "1886"]
[PlyCount "69"]
[EventDate "2007.01.11"]
[EventType "swiss"]
[EventRounds "9"]
[EventCountry "ESP"]
[Source "lmi"]
[SourceDate "2007.01.11"]

1. d4 Nf6 2. Nf3 g6 3. Nc3 d5 4. Bf4 c6 5. e3 Qb6 6. a3 Bf5 7. Na4 Qa5+ 8. c3
Nbd7 9. b4 Qd8 10. Ne5 a6 11. f3 Nh5 12. Bg5 Nxe5 13. dxe5 Ng7 14. Bh6 Qc7 15.
f4 Be4 16. Nc5 O-O-O 17. Bxg7 Bxg7 18. Bd3 Kb8 19. O-O e6 20. Bxa6 b6 21. Nxe4
dxe4 22. Qc2 b5 23. a4 Qb6 24. Qxe4 Qxa6 25. axb5 Qxb5 26. Ra5 Qb6 27. Rfa1 Rd5
28. b5 Rxb5 29. Rxb5 cxb5 30. Qa8+ Kc7 31. Ra7+ Qxa7 32. Qxa7+ Kc6 33. Qxf7 Kd5
34. Qxg7 Rc8 35. Qd7+ 1-0

[Event "Madrid ch-sf B"]
[Site "Madrid ESP"]
[Date "2007.01.11"]
[Round "1.8"]
[White "Sanchez Alarcos, Victor"]
[Black "Alvarez Abejon, Amilcar"]
[Result "0-1"]
[WhiteElo "1876"]
[BlackElo "2086"]
[PlyCount "58"]
[EventDate "2007.01.11"]
[EventType "swiss"]
[EventRounds "9"]
[EventCountry "ESP"]
[Source "lmi"]
[SourceDate "2007.01.11"]

1. d4 d5 2. Nf3 Nf6 3. e3 g6 4. c4 c6 5. Bd3 Bg4 6. Qb3 Qb6 7. Ne5 Be6 8. c5
Qc7 9. Qa4 Bg7 10. b4 Nbd7 11. Nxd7 Nxd7 12. Na3 O-O 13. Bd2 a5 14. Qc2 axb4
15. Bxb4 Rxa3 16. Bxa3 Qa5+ 17. Ke2 Qxa3 18. Rab1 Qa7 19. a4 Nf6 20. a5 Bc8 21.
a6 bxa6 22. Rb6 Qc7 23. h3 e5 24. Bxa6 exd4 25. Bxc8 Rxc8 26. exd4 Qf4 27. Rd1
Ne4 28. Kf1 Qh2 29. f3 Qh1+ 0-1

[Event "Madrid ch-sf B"]
[Site "Madrid ESP"]
[Date "2007.01.11"]
[Round "1.9"]
[White "Sanchez Delgado, Lidia"]
[Black "Valderrama Arroyo, Victor"]
[Result "1-0"]
[WhiteElo "2036"]
[BlackElo "1843"]
[PlyCount "69"]
[EventDate "2007.01.11"]
[EventType "swiss"]
[EventRounds "9"]
[EventCountry "ESP"]
[Source "lmi"]
[SourceDate "2007.01.11"]

1. e4 c5 2. Nf3 Nc6 3. d4 cxd4 4. Nxd4 Nf6 5. Nc3 e5 6. Ndb5 d6 7. Nd5 Nxd5 8.
exd5 Nb8 9. c4 a6 10. Nc3 g6 11. Bd3 Bg7 12. O-O f5 13. f4 e4 14. Be2 Qb6+ 15.
Kh1 Bd7 16. a4 a5 17. Nb5 Bxb5 18. axb5 Nd7 19. Ra3 O-O 20. Be3 Qc7 21. Qc2 b6
22. Rfa1 Nf6 23. Qd2 Ng4 24. Bxg4 fxg4 25. Rc1 Rfe8 26. Qf2 Rab8 27. Ra2 Qb7
28. Qg3 Qd7 29. b3 h5 30. Qf2 Qc7 31. Re2 Bh6 32. Rce1 Rf8 33. Bd2 Qc5 34. Qxc5
dxc5 35. Rxe4 1-0

[Event "Madrid ch-sf B"]
[Site "Madrid ESP"]
[Date "2007.01.11"]
[Round "1.10"]
[White "Collado Barbas, Laura"]
[Black "Cuadrado Lopez, Francisco Javier"]
[Result "1-0"]
[WhiteElo "1828"]
[BlackElo "1976"]
[PlyCount "53"]
[EventDate "2007.01.11"]
[EventType "swiss"]
[EventRounds "9"]
[EventCountry "ESP"]
[Source "lmi"]
[SourceDate "2007.01.11"]

1. d4 Nf6 2. c4 e6 3. Nc3 d5 4. cxd5 exd5 5. Bg5 Be7 6. e3 c6 7. Bd3 Nbd7 8.
Nge2 O-O 9. Qc2 Re8 10. h3 Nf8 11. O-O-O h6 12. Bxf6 Bxf6 13. g4 b5 14. Ng3 Qa5
15. Kb1 Bd7 16. Rdg1 Ne6 17. h4 b4 18. Nce2 c5 19. dxc5 Rac8 20. Nh5 Be7 21. g5
hxg5 22. hxg5 Nxc5 23. Nf6+ Bxf6 24. gxf6 Ne6 25. Qd1 d4 26. Rxg7+ Nxg7 27. Qg1
1-0

[Event "Madrid ch-sf B"]
[Site "Madrid ESP"]
[Date "2007.01.11"]
[Round "1.11"]
[White "Perez Martinez, Jose Manuel"]
[Black "Sanz Esteban, Eduardo"]
[Result "1-0"]
[WhiteElo "1974"]
[BlackElo "1781"]
[PlyCount "113"]
[EventDate "2007.01.11"]
[EventType "swiss"]
[EventRounds "9"]
[EventCountry "ESP"]
[Source "lmi"]
[SourceDate "2007.01.11"]

1. e4 e5 2. Nf3 Nc6 3. Bb5 a6 4. Ba4 Nf6 5. d3 Be7 6. Bxc6 dxc6 7. Nxe5 O-O 8.
O-O Be6 9. Nc3 Bd6 10. Nf3 Nd7 11. Ng5 c5 12. f4 h6 13. Nxe6 fxe6 14. Qg4 Qe8
15. e5 Be7 16. Qxe6+ Kh8 17. Nd5 Bd8 18. Qxe8 Rxe8 19. Bd2 c6 20. Ne3 g5 21.
Nf5 gxf4 22. Nxh6 Nxe5 23. Bxf4 Ng6 24. Nf7+ Kg8 25. Nxd8 Raxd8 26. g3 Nxf4 27.
Rxf4 Re2 28. Rf2 Rde8 29. Kf1 R2e6 30. Kg2 Re2 31. Raf1 R2e5 32. Rf5 Rxf5 33.
Rxf5 Re2+ 34. Rf2 Re1 35. Kf3 Ra1 36. a3 Rb1 37. c3 Kf7 38. Ke4+ Ke6 39. d4
Re1+ 40. Kd3 cxd4 41. Kxd4 b6 42. Kd3 Rd1+ 43. Ke4 Re1+ 44. Kf4 Kf6 45. h4 Re5
46. g4 Rc5 47. g5+ Kg6 48. Kg4 a5 49. h5+ Kg7 50. h6+ Kh7 51. Kh5 Rd5 52. Rf7+
Kg8 53. Kg6 Rxg5+ 54. Kxg5 Kxf7 55. Kf5 b5 56. Ke5 b4 57. Kd6 1-0

[Event "Madrid ch-sf B"]
[Site "Madrid ESP"]
[Date "2007.01.11"]
[Round "1.12"]
[White "Vazquez Torres, Adrian"]
[Black "Rodrigo Yanguas, Maria"]
[Result "1-0"]
[WhiteElo "1702"]
[BlackElo "1969"]
[PlyCount "87"]
[EventDate "2007.01.11"]
[EventType "swiss"]
[EventRounds "9"]
[EventCountry "ESP"]
[Source "lmi"]
[SourceDate "2007.01.11"]

1. e4 c6 2. d4 d5 3. Nc3 dxe4 4. Nxe4 Bf5 5. Ng3 Bg6 6. h4 h6 7. Nf3 Nd7 8. h5
Bh7 9. Bd3 Bxd3 10. Qxd3 Ngf6 11. Bf4 Qa5+ 12. Bd2 Qc7 13. O-O-O e6 14. c4
O-O-O 15. Bc3 Bd6 16. Ne4 Nxe4 17. Qxe4 Nf6 18. Qe2 Rhe8 19. Kb1 Kb8 20. g3 Qe7
21. Nh4 Ka8 22. f4 Bb4 23. Bxb4 Qxb4 24. Rhe1 Qb6 25. Qe5 Rd7 26. Rd3 Red8 27.
Nf3 Qc7 28. Qxc7 Rxc7 29. Rh1 Rcd7 30. Kc2 c5 31. Rhd1 Nxh5 32. d5 Rf8 33. Ne5
Rdd8 34. dxe6 Rxd3 35. e7 Rc8 36. Rxd3 Kb8 37. Rd8 Nf6 38. Nd7+ Kc7 39. Nxf6
Rxd8 40. e8=Q gxf6 41. Qxf7+ Kc8 42. Qxf6 Rd4 43. Qxd4 cxd4 44. Kd3 1-0

[Event "Madrid ch-sf B"]
[Site "Madrid ESP"]
[Date "2007.01.12"]
[Round "2.1"]
[White "Semprun Martinez, Fernando"]
[Black "Sanchez Delgado, Lidia"]
[Result "1-0"]
[WhiteElo "2185"]
[BlackElo "2036"]
[PlyCount "49"]
[EventDate "2007.01.11"]
[EventType "swiss"]
[EventRounds "9"]
[EventCountry "ESP"]
[Source "lmi"]
[SourceDate "2007.01.11"]

1. e4 c5 2. Nf3 Nc6 3. d4 cxd4 4. Nxd4 g6 5. Nc3 Bg7 6. Be3 Nf6 7. Bc4 Qa5 8.
O-O O-O 9. Nb3 Qd8 10. Bg5 d6 11. Re1 Ne5 12. Bf1 Be6 13. Nd5 Bxd5 14. exd5 Rc8
15. c3 Re8 16. Qd4 a6 17. a4 Nh5 18. Qb4 h6 19. Be3 e6 20. Rad1 f5 21. dxe6
Rxe6 22. Nc5 Re7 23. Nxb7 Qf8 24. Rxd6 Nc6 25. Qc4+ 1-0

[Event "Madrid ch-sf B"]
[Site "Madrid ESP"]
[Date "2007.01.12"]
[Round "2.2"]
[White "Perez Martinez, Jose Manuel"]
[Black "Lopez de Turiso, Jose Angel"]
[Result "0-1"]
[WhiteElo "1974"]
[BlackElo "2171"]
[PlyCount "124"]
[EventDate "2007.01.11"]
[EventType "swiss"]
[EventRounds "9"]
[EventCountry "ESP"]
[Source "lmi"]
[SourceDate "2007.01.11"]

1. e4 e5 2. Nf3 Nc6 3. Bb5 f5 4. d3 fxe4 5. dxe4 Nf6 6. Bxc6 bxc6 7. O-O d6 8.
Re1 Be7 9. c3 Be6 10. Ng5 Bg8 11. Qa4 Qd7 12. f4 c5 13. Qxd7+ Nxd7 14. Nf3 Bf6
15. fxe5 Nxe5 16. Nxe5 Bxe5 17. Nd2 Kd7 18. Nf3 Bf6 19. Bf4 Rb8 20. e5 Be7 21.
b3 Bd5 22. Rad1 Bxf3 23. gxf3 Rhf8 24. exd6 Bxd6 25. Bxd6 cxd6 26. Re3 Rbe8 27.
Rxe8 Rxe8 28. Kf2 Kc6 29. c4 Re7 30. Rd2 a5 31. Re2 Ra7 32. a4 Rb7 33. Re3 Rf7
34. Re4 Kd7 35. Ke3 Rf5 36. Rf4 Re5+ 37. Re4 Rh5 38. h4 Rf5 39. Rf4 Re5+ 40.
Re4 Ke6 41. Kf4 g6 42. Rxe5+ dxe5+ 43. Kg5 Kf7 44. Kh6 Kg8 45. b4 cxb4 46. c5
b3 47. c6 b2 48. c7 b1=Q 49. c8=Q+ Kf7 50. Qd7+ Kf6 51. Qd8+ Kf5 52. Qg5+ Ke6
53. Kxh7 Qb7+ 54. Kh6 Qxf3 55. Qxg6+ Qf6 56. Kh5 Qxg6+ 57. Kxg6 e4 58. h5 e3
59. h6 e2 60. h7 e1=Q 61. h8=Q Qg3+ 62. Kh7 Kf7 0-1

[Event "Madrid ch-sf B"]
[Site "Madrid ESP"]
[Date "2007.01.12"]
[Round "2.3"]
[White "Martin Martin, Luis Vicente"]
[Black "Collado Barbas, Laura"]
[Result "1/2-1/2"]
[WhiteElo "2111"]
[BlackElo "1828"]
[PlyCount "102"]
[EventDate "2007.01.11"]
[EventType "swiss"]
[EventRounds "9"]
[EventCountry "ESP"]
[Source "lmi"]
[SourceDate "2007.01.11"]

1. d4 d5 2. Bf4 c6 3. c3 Bf5 4. Nf3 e6 5. Qb3 Qd7 6. Ne5 Qc8 7. g4 Bg6 8. h4
Bxb1 9. Rxb1 Nd7 10. Bg2 a6 11. c4 Ne7 12. Rc1 Nxe5 13. Bxe5 Qd7 14. c5 Ng6 15.
Bg3 h5 16. g5 Be7 17. Qd3 Bd8 18. Bh3 Rc8 19. O-O Ne7 20. e4 dxe4 21. Qxe4 Bc7
22. Bxc7 Rxc7 23. Rfe1 Qd5 24. Qxd5 Nxd5 25. Re4 O-O 26. g6 f5 27. Rxe6 Nf4 28.
Re3 Nxg6 29. Bf1 Rd7 30. Rd1 f4 31. Bc4+ Kh8 32. Rh3 Rfd8 33. Be2 Rxd4 34. Rxd4
Rxd4 35. Bxh5 Nf8 36. Rb3 Rd5 37. Bf7 Rd7 38. Bh5 Re7 39. Bg4 Rc7 40. Rd3 Kg8
41. Rd4 Rf7 42. Rd8 Kh7 43. Kg2 Ng6 44. Bh5 Nxh4+ 45. Kh3 Ng6 46. Rd4 Rf5 47.
Bxg6+ Kxg6 48. b4 Rf7 49. Kg4 Re7 50. Rxf4 Re2 51. a4 Ra2 1/2-1/2

[Event "Madrid ch-sf B"]
[Site "Madrid ESP"]
[Date "2007.01.12"]
[Round "2.4"]
[White "Avendaño Mateos, Jose"]
[Black "Vazquez Gonzalez, Jesus"]
[Result "0-1"]
[WhiteElo "1912"]
[BlackElo "2110"]
[PlyCount "116"]
[EventDate "2007.01.11"]
[EventType "swiss"]
[EventRounds "9"]
[EventCountry "ESP"]
[Source "lmi"]
[SourceDate "2007.01.11"]

1. d4 g6 2. c4 c5 3. d5 Bg7 4. Nc3 d6 5. Nf3 e5 6. e4 Ne7 7. Bd3 O-O 8. O-O f5
9. Ne1 f4 10. Rb1 g5 11. Be2 Nd7 12. Bg4 Nf6 13. h3 Bxg4 14. hxg4 h5 15. Nf3
Nxg4 16. Nxg5 Ng6 17. Nf3 Rf7 18. b4 b6 19. bxc5 bxc5 20. Rb5 Nh4 21. Re1 Bf8
22. Kf1 Rg7 23. Ke2 Nxg2 24. Rh1 Qe8 25. Qf1 Nf6 26. Rg1 Qg6 27. Rb7 Rxb7 28.
Rxg2 Ng4 29. Nh4 Qf6 30. Nf5 Kh8 31. f3 Ne3 32. Nxe3 fxe3 33. Bxe3 Rb2+ 34. Kd3
Rxg2 35. Qxg2 Bh6 36. Nd1 Rf8 37. Bxh6 Qxh6 38. Ne3 Qg7 39. Qh3 Qg5 40. Nf5 Rf6
41. Ne7 h4 42. Nf5 Rxf5 43. exf5 Qg3 44. Qxg3 hxg3 45. Ke2 Kg7 46. Kf1 Kf6 47.
Kg2 Kxf5 48. Kxg3 e4 49. f4 e3 50. Kf3 e2 51. Kxe2 Kxf4 52. Kd3 Kf3 53. Kd2 Ke4
54. Kc3 Ke3 55. a3 a6 56. Kb3 Kd3 57. Ka4 Kxc4 58. Ka5 Kxd5 0-1

[Event "Madrid ch-sf B"]
[Site "Madrid ESP"]
[Date "2007.01.12"]
[Round "2.6"]
[White "Alvarez Abejon, Amilcar"]
[Black "Vazquez Torres, Adrian"]
[Result "1-0"]
[WhiteElo "2086"]
[BlackElo "1702"]
[PlyCount "133"]
[EventDate "2007.01.11"]
[EventType "swiss"]
[EventRounds "9"]
[EventCountry "ESP"]
[Source "lmi"]
[SourceDate "2007.01.11"]

1. d4 d5 2. c4 e6 3. Nc3 Be7 4. cxd5 exd5 5. Bf4 c6 6. e3 Bf5 7. g4 Bg6 8. h4
h6 9. Nf3 Nd7 10. h5 Bh7 11. Bd3 Bxd3 12. Qxd3 Ngf6 13. Ne5 Nxe5 14. dxe5 Nd7
15. e6 Nf8 16. exf7+ Kxf7 17. O-O-O Bf6 18. Kb1 Ne6 19. Qg6+ Ke7 20. Bg3 Qb6
21. Rxd5 Rad8 22. Rxd8 Rxd8 23. Qc2 Qb4 24. Qb3 Bxc3 25. Bh4+ Ng5 26. Qxb4+
Bxb4 27. f4 Rd5 28. e4 Rb5 29. fxg5 hxg5 30. Be1 Ke6 31. Bg3 Bc3 32. b3 Kf6 33.
Rf1+ Ke6 34. Rf5 Rb4 35. Rxg5 Rxe4 36. Rg6+ Kf7 37. Kc2 Bb4 38. Kd3 Re8 39. Bf2
Ra8 40. Bd4 Bf8 41. Kc4 a5 42. a4 Rd8 43. Bb6 Rd5 44. Bd4 Rd7 45. Rg5 b5+ 46.
axb5 cxb5+ 47. Rxb5 Bb4 48. Rg5 Kf8 49. Bc5+ Bxc5 50. Rxc5 Ra7 51. Kb5 Rb7+ 52.
Ka4 Rb4+ 53. Ka3 Rxg4 54. Rxa5 Ke7 55. Rc5 Kd6 56. b4 Rg1 57. Ka4 Rg2 58. Kb5
Rg4 59. Rc6+ Kd5 60. Rg6 Rh4 61. Rg5+ Ke6 62. Rxg7 Rxh5+ 63. Kc6 Rh4 64. b5
Rc4+ 65. Kb7 Kd6 66. b6 Rc1 67. Kb8 1-0

[Event "Madrid ch-sf B"]
[Site "Madrid ESP"]
[Date "2007.01.12"]
[Round "2.7"]
[White "Cuadrado Lopez, Francisco Javier"]
[Black "Marcos Herreros, Francisco"]
[Result "1/2-1/2"]
[WhiteElo "1976"]
[BlackElo "1959"]
[PlyCount "83"]
[EventDate "2007.01.11"]
[EventType "swiss"]
[EventRounds "9"]
[EventCountry "ESP"]
[Source "lmi"]
[SourceDate "2007.01.11"]

1. e4 d6 2. d4 Nf6 3. Bd3 e5 4. dxe5 dxe5 5. Nf3 Bg4 6. h3 Bxf3 7. Qxf3 Bc5 8.
Nc3 c6 9. Bg5 Nbd7 10. a3 Bd4 11. Nd1 Nc5 12. Rb1 Nxd3+ 13. Qxd3 Qe7 14. c3 Bb6
15. Qf3 h6 16. Bxf6 Qxf6 17. Qxf6 gxf6 18. Ke2 Rg8 19. g3 Ke7 20. b4 Rad8 21.
Nb2 Rd7 22. Rbd1 Rgd8 23. Rxd7+ Rxd7 24. a4 Bxf2 25. g4 b5 26. Nd3 Bb6 27. a5
Bc7 28. Rf1 Bd6 29. Rf5 Rc7 30. Rh5 c5 31. bxc5 Bxc5 32. Nxc5 Rxc5 33. Kd3 Rc4
34. Rxh6 Ra4 35. h4 Rxa5 36. h5 Ra2 37. Rh8 Rg2 38. Ra8 Rg3+ 39. Kd2 Rxg4 40.
Rxa7+ Ke6 41. Ra6+ Ke7 42. Ra7+ 1/2-1/2

[Event "Madrid ch-sf B"]
[Site "Madrid ESP"]
[Date "2007.01.12"]
[Round "2.9"]
[White "Garcia Serrano, Jose Manuel"]
[Black "Aziz Ortego, Omar Luis"]
[Result "0-1"]
[WhiteElo "1914"]
[BlackElo "2107"]
[PlyCount "90"]
[EventDate "2007.01.11"]
[EventType "swiss"]
[EventRounds "9"]
[EventCountry "ESP"]
[Source "lmi"]
[SourceDate "2007.01.11"]

1. e4 d6 2. d4 Nf6 3. Nc3 g6 4. Bg5 Nbd7 5. e5 dxe5 6. dxe5 Nxe5 7. Qxd8+ Kxd8
8. O-O-O+ Bd7 9. Bxf6 exf6 10. Be2 Bd6 11. Ne4 Bc6 12. Nxd6 cxd6 13. f3 Kc7 14.
Nh3 Rhe8 15. Rhe1 Rad8 16. Nf2 d5 17. b3 Rd6 18. f4 Nd7 19. Bg4 Rxe1 20. Rxe1
f5 21. Bf3 Re6 22. Rd1 Nf6 23. Nd3 Ne4 24. Nb4 Rd6 25. Rd4 b5 26. Nxc6 Kxc6 27.
b4 a5 28. a3 axb4 29. axb4 Rd7 30. Kb2 Re7 31. Kb3 Nf6 32. c4 Re3+ 33. Kc2 bxc4
34. Rxc4+ Kb5 35. Rc7 Ne4 36. Rxf7 Rc3+ 37. Kb2 d4 38. Rb7+ Kc4 39. Rxh7 d3 40.
Rc7+ Kxb4 41. Rxc3 Nxc3 42. Kc1 Kc4 43. Kd2 Kd4 44. Bc6 Ne4+ 45. Kd1 Ke3 0-1

[Event "Madrid ch-sf B"]
[Site "Madrid ESP"]
[Date "2007.01.12"]
[Round "2.10"]
[White "Rodrigo Yanguas, Maria"]
[Black "Rosa Ramirez, Victor D"]
[Result "1-0"]
[WhiteElo "1969"]
[BlackElo "1922"]
[PlyCount "157"]
[EventDate "2007.01.11"]
[EventType "swiss"]
[EventRounds "9"]
[EventCountry "ESP"]
[Source "lmi"]
[SourceDate "2007.01.11"]

1. e4 e6 2. d4 d5 3. e5 c5 4. c3 Qb6 5. a3 Nc6 6. Nf3 Bd7 7. b4 cxb4 8. cxb4
Rc8 9. Be3 Nge7 10. Bd3 Nf5 11. O-O Be7 12. Nbd2 O-O 13. Nb3 Nxe3 14. fxe3 a5
15. b5 Na7 16. a4 Rc3 17. Ne1 g6 18. Rf3 Rfc8 19. Rh3 Be8 20. Ra2 Nc6 21. Rf2
Nb4 22. Bb1 Qc7 23. Nd3 b6 24. Nf4 Qc4 25. Rb2 Bg5 26. Rf3 Bxf4 27. exf4 Rxf3
28. Qxf3 Qc3 29. Rf2 Qe1+ 30. Rf1 Qc3 31. g4 Qb2 32. f5 Rc3 33. Qf4 exf5 34.
Nd2 Nd3 35. Bxd3 Rxd3 36. Nf3 Qb3 37. gxf5 Rd1 38. f6 Rxf1+ 39. Kxf1 Qd1+ 40.
Kg2 Qe2+ 41. Kg3 h5 42. Qh6 h4+ 43. Qxh4 Qe3 44. Kg2 Bd7 45. Kg3 Be6 46. Qf4
Qxf4+ 47. Kxf4 Bf5 48. Ne1 Kf8 49. Ke3 Bb1 50. Nd3 Ke8 51. h4 Ba2 52. Nb2 Kd7
53. Kf4 Ke6 54. Nd1 Bb3 55. Nc3 Bc2 56. Kg5 Bb3 57. Kh6 Bc2 58. Kg7 Bb3 59. Kf8
Bc2 60. Ke8 Bf5 61. Kd8 Bg4 62. Kc7 Kf5 63. Kxb6 Kf4 64. Kc7 Ke3 65. Nxd5+ Kxd4
66. Nb6 Kxe5 67. Nd7+ Ke6 68. b6 Bf3 69. Nc5+ Kxf6 70. b7 Bxb7 71. Nxb7 Ke5 72.
Nxa5 f5 73. Nc4+ Kd4 74. a5 f4 75. a6 f3 76. a7 f2 77. Nd2 Ke3 78. Nf1+ Ke2 79.
Nh2 1-0

[Event "Madrid ch-sf B"]
[Site "Madrid ESP"]
[Date "2007.01.12"]
[Round "2.12"]
[White "Valderrama Arroyo, Victor"]
[Black "Noriega de la Sierra, Antonio"]
[Result "1/2-1/2"]
[WhiteElo "1843"]
[BlackElo "1923"]
[PlyCount "86"]
[EventDate "2007.01.11"]
[EventType "swiss"]
[EventRounds "9"]
[EventCountry "ESP"]
[Source "lmi"]
[SourceDate "2007.01.11"]

1. d4 Nf6 2. c4 g6 3. Nf3 Bg7 4. Nc3 d5 5. e3 O-O 6. Be2 c5 7. O-O cxd4 8. Nxd4
dxc4 9. Bxc4 Qc7 10. Be2 Rd8 11. Qb3 a6 12. Rd1 Ng4 13. Bxg4 Bxg4 14. f3 e5 15.
Nde2 Be6 16. Rxd8+ Qxd8 17. Qxb7 Nd7 18. Qc6 Nb6 19. e4 Rc8 20. Qb7 Bf8 21. Kh1
a5 22. Bg5 Qxg5 23. Qxb6 Bb4 24. a3 Bxc3 25. Nxc3 Qd2 26. h3 a4 27. Nxa4 Rc1+
28. Rxc1 Qxc1+ 29. Qg1 Qc2 30. Nc5 Bc8 31. b4 Qc3 32. Qd1 Kg7 33. Qd3 Qc1+ 34.
Kh2 Qf4+ 35. Kg1 Qc1+ 36. Kf2 Qb2+ 37. Kg3 h5 38. Qd8 h4+ 39. Qxh4 Qxa3 40. Qd8
Qc1 41. Qxc8 Qf4+ 42. Kf2 Qd2+ 43. Kg1 Qc1+ 1/2-1/2

[Event "Madrid ch-sf B"]
[Site "Madrid ESP"]
[Date "2007.01.12"]
[Round "2.13"]
[White "Osorio Ramos, Francisco"]
[Black "Sanchez Alarcos, Victor"]
[Result "1/2-1/2"]
[WhiteElo "1922"]
[BlackElo "1876"]
[PlyCount "181"]
[EventDate "2007.01.11"]
[EventType "swiss"]
[EventRounds "9"]
[EventCountry "ESP"]
[Source "lmi"]
[SourceDate "2007.01.11"]

1. d4 Nf6 2. c4 e6 3. Nc3 Bb4 4. Qc2 d5 5. cxd5 exd5 6. Bg5 c5 7. e3 cxd4 8.
exd4 Nc6 9. Bb5 h6 10. Bh4 g5 11. Bg3 Ne4 12. Nge2 h5 13. O-O Bxc3 14. Nxc3 O-O
15. Bxc6 bxc6 16. Nxe4 Bf5 17. Qxc6 dxe4 18. Qc5 Qd7 19. Rac1 h4 20. Bc7 Rfc8
21. d5 h3 22. g3 Rab8 23. d6 Rxb2 24. Qe3 g4 25. Qxa7 Qe6 26. a4 e3 27. Qxe3
Qxe3 28. fxe3 Rg2+ 29. Kh1 Be4 30. Rf4 Ba8 31. Rxg4+ Kh7 32. e4 Rd2 33. Re1 f5
34. Rh4+ Kg6 35. Rxh3 Bxe4+ 36. Kg1 Ra8 37. a5 Rf8 38. Rh4 Kg5 39. d7 Rxd7 40.
Bf4+ Kg6 41. Rh6+ Kf7 42. Rh7+ Ke6 43. Rxd7 Kxd7 44. Rc1 Ra8 45. Rc5 Ra7 46. h4
Ke6 47. Kf2 Rb7 48. Re5+ Kf6 49. Ke3 Kg6 50. Kd4 Kh5 51. Kc5 Bd3 52. Kc6 Rb1
53. Kd6 Kg4 54. Rc5 Rb3 55. Ke5 Ra3 56. Kf6 Rb3 57. Kg6 Bb5 58. Kf6 Bd3 59. Ke5
Ra3 60. Kd4 Be2 61. Bc7 Rd3+ 62. Ke5 Ra3 63. Kf6 Bd3 64. Rd5 Be4 65. Rd8 Rc3
66. Rg8+ Kf3 67. Bb6 Ra3 68. h5 f4 69. gxf4 Kxf4 70. Bc7+ Ke3 71. Rg3+ Bf3 72.
h6 Rc3 73. Bb6+ Kf4 74. Rh3 Rc6+ 75. Kg7 Be4 76. h7 Bxh7 77. Rxh7 Ke5 78. Rh5+
Kd6 79. Kf7 Kd7 80. Rd5+ Kc8 81. Rd8+ Kb7 82. Rd7+ Kb8 83. Ra7 Rh6 84. Ke8 Rh8+
85. Kd7 Rh7+ 86. Kc6 Rxa7 87. Bxa7+ Kxa7 88. Kb5 Kb7 89. a6+ Kb8 90. Kb6 Ka8
91. a7 1/2-1/2

[Event "Madrid ch-sf B"]
[Site "Madrid ESP"]
[Date "2007.01.13"]
[Round "3.1"]
[White "Vazquez Gonzalez, Jesus"]
[Black "Semprun Martinez, Fernando"]
[Result "1/2-1/2"]
[WhiteElo "2110"]
[BlackElo "2185"]
[PlyCount "39"]
[EventDate "2007.01.11"]
[EventType "swiss"]
[EventRounds "9"]
[EventCountry "ESP"]
[Source "lmi"]
[SourceDate "2007.01.11"]

1. e4 c5 2. Nf3 Nc6 3. d4 cxd4 4. Nxd4 Nf6 5. Nc3 e5 6. Ndb5 d6 7. Nd5 Nxd5 8.
exd5 Nb8 9. Qf3 f5 10. Qc3 Na6 11. Be2 Be7 12. Be3 O-O 13. Bxa7 Bd7 14. Be3 f4
15. Bd2 Rc8 16. Qb3 Nc5 17. Qb4 Na6 18. Qb3 Nc5 19. Qb4 Na6 20. Qb3 1/2-1/2